Educación en derechos humanos: texto autoformativo /
Se trata de un texto didáctico dirigido a docentes para la formación en la enseñanza de derechos humanos. En el texto se abordan temas como: la persona y los derechos humanos, los principios que deben regir la enseñanza-aprendizaje de los derechos humanos, los derechos humanos en la educación univer...
Kaydedildi:
| Müşterek Yazar: | |
|---|---|
| Materyal Türü: | Metin |
| Dil: | Spanish |
| Baskı/Yayın Bilgisi: |
Costa Rica :
IIDH ; UNESCO
1994
|
| Konular: | |
| Etiketler: |
Etiketle
Etiket eklenmemiş, İlk siz ekleyin!
|
MARC
| LEADER | 00000 a a2200000 04500 | ||
|---|---|---|---|
| 001 | 49145 | ||
| 003 | cru CIDCACS/IIS | ||
| 005 | 20230621113724.0 | ||
| 008 | 170824e1994 cr ||||| |||| 00| 0 spa d | ||
| 020 | |a 9977-962-50-2 | ||
| 040 | |c cru CIDCACS/IIS | ||
| 090 | |a 04.02.01 I59e | ||
| 110 | |a Instituto Interamericano de Derechos Humanos | ||
| 245 | |a Educación en derechos humanos: |b texto autoformativo / |c Instituto Interamericano de Derechos Humanos | ||
| 260 | |a Costa Rica : |b IIDH ; UNESCO |c 1994 | ||
| 300 | |a 142 páginas : |b ilustraciones | ||
| 520 | |a Se trata de un texto didáctico dirigido a docentes para la formación en la enseñanza de derechos humanos. En el texto se abordan temas como: la persona y los derechos humanos, los principios que deben regir la enseñanza-aprendizaje de los derechos humanos, los derechos humanos en la educación universitaria y las orientaciones metodológicas para la enseñanza de los derechos humanos en la educación secundaria | ||
| 650 | 1 | 0 | |9 38 |a DERECHOS HUMANOS |
| 650 | 1 | 0 | |9 5721 |a ENSEÑANZA PRIMARIA |
| 650 | 1 | 0 | |9 982 |a ENSEÑANZA SECUNDARIA |
| 650 | 1 | 0 | |9 3841 |a DERECHOS CIVILES |
| 651 | 1 | 0 | |9 17 |a AMERICA LATINA |
| 942 | |2 ddc |c LI |h 04.02.01 I59e |i 16593 |6 040201_I59E_16593 | ||
| 999 | |c 12744 |d 12744 | ||



